01197nam a2200313Ia 4500001001200000003000800012006001900020007001500039008004100054020001800095020001800113040002100131035002100152050002700173100002100200245005600221260005800277300001600335490004700351504005100398533015200449650002800601650001700629655002900646710001700675830004800692856012600740999001700866ebr10375250CaPaEBRm u cr cn|||||||||080919s2009 enk sb 001 0 eng d z9780199202577 z9780191547836 aCaPaEBRcCaPaEBR a(OCoLC)64789857814aP325.5.R44bA33 2009eb1 aAbbott, Barbara.10aReferenceh[electronic resource] /cBarbara Abbott. aOxford ;aNew York :bOxford University Press,c2009. axii, 308 p.1 aOxford surveys in semantics and pragmatics aIncludes bibliographical references and index. aElectronic reproduction.bPalo Alto, Calif. :cebrary,d2011.nAvailable via World Wide Web.nAccess may be limited to ebrary affiliated libraries. 0aReference (Linguistics) 0aLinguistics. 7aElectronic books.2local2 aebrary, Inc. 0aOxford surveys in semantics and pragmatics.40uhttp://site.ebrary.com/lib/rucke/Doc?id=10375250zAn electronic book accessible through the World Wide Web; click to view c96037d96037